'Best' List Bonanza Quiz Stats

 Plays Quiz Updated Jan 18, 2018

Challenge
Share
Tweet
Embed
Score 0/52 Timer 10:00
6 Plays Today
% Correct
TV Cartoons
94.2%
Movies
90.4%
Influential Women
90.2%
Music - Rock Guitarists
89.3%
Video Game Characters
89.2%
Movie Characters - Male
88.6%
TV Characters - Male
88.4%
Art - Sculptures
88.3%
Video Games
87.6%
Movie Directors
87%
Art - Painters
86.7%
Movie Songs - Disney
85.7%
TV Shows
85.7%
Literature - Female Authors
85.5%
Music - Rock or Pop Artists
84.9%
Literature - Male Authors
84.7%
Movies - Musicals
84.6%
Movie Characters - Villains
84.2%
Music - One-hit Wonder Songs
84%
Movie Actresses
83.7%
Music - British Invasion Bands
83.3%
Movie Songs
82.8%
Movies - Cult
82.7%
Movie Characters - Animal
82.4%
Music - Rock Songs
82.3%
Movie Actors
82%
% Correct
Music - Motown Songs
81.9%
Classical Music - Composers
81.6%
Influential Men
80.8%
Influential Americans
80.2%
Movies - Biographies
79.2%
Sports - Athletes
78.3%
Literature - Novels
76.5%
Sports - Football (Soccer) Players
76.4%
Literature - Female Characters
76.3%
Literature - Sci Fi-Fantasy Books
75.3%
TV Characters - Female
74.9%
Literature - Male Characters
74.5%
TV Child Stars
73.3%
Movies - Comedies
73.3%
Music - Songwriters
73.2%
Movie Characters - Female
71.4%
Literature - Poems
67.2%
TV Episodes
66.2%
Sports - Two-Sport Athletes
65.8%
Classical Music - Operas
64.5%
Movie Child Stars
64.1%
Movies - Non-English Language
64.1%
Literature - Non-fiction
63.4%
TV Theme Music
59.6%
Literature - Comic Book Villains
57.5%
Art - Paintings
46.2%

You're not logged in!

Compare scores with friends on all Sporcle quizzes.
Join for Free
OR
Log In

You Might Also Like...

Show Comments

Extras

Top Quizzes Today


Score Distribution

Your Account Isn't Verified!

In order to create a playlist on Sporcle, you need to verify the email address you used during registration. Go to your Sporcle Settings to finish the process.

Report this User

Report this user for behavior that violates our Community Guidelines.

Details: